004010000a2200145000450024500650000065000090006565000240007465000270009865000200012565100260014504100130017170000210018410000180020577300320022310aAutumn passage of yellow- bellied flycatchers in south Texas14aAves14aMigraciones de aves14aDinámica poblacional14aTerritorialidad 4dTexaspEstados Unidos0 aInglés1 aRappole, John H.1 aWinker, Kevin1 tCondor3138q526-529d1990?